Wild world. (Record no. 114644)
[ view plain ]
| 000 -LEADER | |
|---|---|
| fixed length control field | 00333nam a2200133 a 4500 |
| 005 - DATE AND TIME OF LATEST TRANSACTION | |
| control field | 20140414132107.0 |
| 008 - FIXED-LENGTH DATA ELEMENTS--GENERAL INFORMATION | |
| fixed length control field | 100906s19uu xx 00 eng d |
| 020 ## - INTERNATIONAL STANDARD BOOK NUMBER | |
| International Standard Book Number | 978-1-84898-082-2 |
| 050 ## - LIBRARY OF CONGRESS CALL NUMBER | |
| Classification number | REF 639 |
| Item number | R15 2005 |
| 100 ## - MAIN ENTRY--PERSONAL NAME | |
| Personal name | Randall, Ronne |
| 245 ## - TITLE STATEMENT | |
| Title | Wild world. |
| 260 ## - PUBLICATION, DISTRIBUTION, ETC. (IMPRINT) | |
| Place of publication, distribution, etc | Kent, UK : |
| Name of publisher, distributor, etc | Ticktock, |
| Date of publication, distribution, etc | 2009. |
| Withdrawn status | Lost status | Damaged status | Use restrictions | Home library | Current library | Shelving location | Date acquired | Source of acquisition | Cost, normal purchase price | Total Checkouts | Full call number | Barcode | Date last seen | Price effective from | Koha item type |
|---|---|---|---|---|---|---|---|---|---|---|---|---|---|---|---|
| Munich Library | Munich Library | Reference Section | 09/06/2010 | 495.00 | REF 639 R15 2005 | M6516 | 04/14/2014 | 04/14/2014 | Books |